Tram di Firenze - Statistics

Statistiche generali
  • Questo quiz è stato fatto 67 volte
    47 dall'ultimo reset
  • Il punteggio medio è 29 su 46
Statistiche sulle risposte
Risposta % Corretto
Careggi-Ospedale
90%
San Marco Università
83%
Peretola Aeroporto
80%
Alamanni-Stazione Santa Maria Novella
77%
Alamanni-Stazione Santa Maria Novella
77%
Lavagnini Fortezza
77%
Morgagni-Università
77%
Porta al Prato-Leopolda
77%
Villa Costanza
77%
Cascine
73%
Fortezza
73%
Fortezza
73%
Novoli-Torre degli Agli
73%
Belfiore
70%
Novoli-Palazzi Rossi
70%
Novoli-Regione Toscana
70%
Paolo Uccello
70%
Dalmazia
67%
Libertà Parterre
67%
De Andrè
63%
San Donato-Università
63%
Statuto
63%
Valfonda-Stazione Santa Maria Novella
63%
Valfonda-Stazione Santa Maria Novella
63%
Batoni
60%
Buonsignori-Liceo da Vinci
60%
Federiga
60%
Resistenza
60%
Vittorio Emanuele II
60%
Arcipressi
57%
Poggetto
57%
Redi
57%
Strozzi-Fallaci
57%
Aldo Moro
53%
Lavagnini Poliziano
53%
Muratori-Stazione Statuto
53%
Nenni-Torregalli
53%
Pisacane
53%
Sansovino
53%
Leopoldo
50%
Talenti
50%
Guidoni
43%
Ponte all'Asse
40%
Cavour
37%
La Marmora Orto Botanico
37%
Fratelli Rosselli
27%
Nessun quiz corrispondente trovato
Distribuzione punteggi
Percentuale di utenti per punteggio
Percentile per numero di risposta
I tuoi punteggi nel tempo
Non hai fatto questo quiz dall'ultimo reset